000 00310nam a22001337a 4500
008 170627b xxu||||| |||| 00| 0 eng d
020 _a9788437613635
041 _aESP
080 _a82
100 _a21
101 _aGJL
245 _aFONETICA Y FONOLOGIA ACTUAL DEL ESPANOL
_cINTRONO, F.D
942 _2udc
_cBK
999 _c19228
_d19228